000 00614nam a2200193Ia 4500
003 IN-BaIIA
008 211028s9999 xx 000 0 eng d
040 _cIIA Library
080 _a536.48
_bPRO-5
245 0 _aProgress in low temperature physics
_bvol. V
_cedited by C. J. Gorter
260 _aAmsterdam
_bNorth-Holland
_c1967
300 _axi, 332p.
650 _aAstronomy and astrophysics thesaurus
650 _aCryochemistry
_92675
650 _aLow temperature physics
_92486
650 _aSuperconductivity
_91933
700 _aGorter, C. J., ed.
942 _cBK
999 _c2986
_d2986